Real-time live Interpreting of broadcasts diplomová práca

Na minha lista:
Detalhes bibliográficos
Autor principal: Tatarina, Yelyzaveta
Autor Corporativo: Fakulta aplikovaných jazykov EU v Bratislave. Katedra jazykovedy a translatológie
Outros Autores: Štefčík, Jozef, 1976-
Formato: Livro
Idioma:inglês
Publicado em: Bratislava 2025
Tags: Adicionar Tag
Sem tags, seja o primeiro a adicionar uma tag!

MARC

LEADER 00000nbm a2200000 4500
001 0308941
005 20260211105418.3
041 0 |a eng 
044 |a SK 
245 1 0 |a Real-time live Interpreting of broadcasts  |b diplomová práca  |c Yelyzaveta Tatarina ; školiteľ: Jozef Štefčík 
264 1 |a Bratislava  |c 2025 
300 |a 99 s. 
100 1 |a Tatarina, Yelyzaveta 
700 1 |a Štefčík, Jozef, 1976- 
710 2 |a Fakulta aplikovaných jazykov EU v Bratislave. Katedra jazykovedy a translatológie